[Event "Seville op 39th"]
[Site "Seville"]
[Date "2014.01.18"]
[Round "9"]
[White "Lillo Castany, Victor"]
[Black "Ramirez Guerrero, Enrique"]
[Result "1-0"]
[WhiteElo "2315"]
[BlackElo "2043"]
[PlyCount "125"]
[EventDate "2014.01.10"]
[EventType "swiss"]
[EventRounds "9"]
[EventCountry "ESP"]
[SourceTitle "CBM 158 Extra"]
[Source "ChessBase"]
[SourceDate "2014.02.28"]
[SourceVersion "1"]
[SourceVersionDate "2014.02.28"]
[SourceQuality "1"]

1. e4 e6 2. d4 d5 3. Nd2 dxe4 4. Nxe4 Bd7 5. Nf3 Bc6 6. Ng3 Nd7 7. Bd3 Ngf6 8. 0-0 Be7 9. Re1 0-0 10. a3 a5 11. c4 Bxf3 12. Qxf3 c6 13. b3 Re8 14. Bb2 Nf8 15. h4 Qb6 16. Rad1 Rad8 17. Bc2 Rd7 18. h5 h6 19. Re2 N8h7 20. Rde1 Red8 21. Kh1 Rc8 22. Qe3 Qc7 23. f4 Bd6 24. Rf1 c5 25. d5 exd5 26. cxd5 Nxd5 27. Bxh7+ Kxh7 28. Qe4+ Kg8 29. Bxg7 Kxg7 30. Nf5+ Kh8 31. Qxd5 Bxf4 32. Qf3 Bg5 33. Qc3+ f6 34. Re6 Rcd8 35. Rxf6 Bxf6 36. Qxf6+ Kh7 37. Qg6+ Kh8 38. Qf6+ Kh7 39. Qxh6+ Kg8 40. Qe6+ Kh7 41. Qh6+ Kg8 42. Qg5+ Kh7 43. Nh4 Rd1 44. Qf5+ Kh8 45. Ng6+ Kg7 46. Qf6+ Kg8 47. Ne7+ Qxe7 48. Qxe7 Rxf1+ 49. Kh2 Rdf8 50. Qxc5 R1f5 51. Qc4+ Kh7 52. g4 R5f6 53. Qe4+ Kh6 54. Qxb7 Kg5 55. Kg3 R6f7 56. Qd5+ Kh6 57. Kh4 Rf4 58. b4 axb4 59. axb4 R8f7 60. b5 R7f6 61. b6 Rf7 62. b7 Rxb7 63. Qg5+ 1-0

[Event "Seville-ch Primera"]
[Site "Seville"]
[Date "2013.02.09"]
[Round "3.7"]
[White "Garcia Cava, Juan"]
[Black "Ramirez Guerrero, Enrique"]
[Result "1-0"]
[WhiteElo "2023"]
[BlackElo "2045"]
[PlyCount "81"]
[EventDate "2013.01.26"]
[EventType "tourn"]
[EventRounds "9"]
[EventCountry "ESP"]
[SourceTitle "EXT 2024"]
[Source "ChessBase"]
[SourceDate "2023.10.10"]
[SourceVersion "1"]
[SourceVersionDate "2023.10.10"]
[SourceQuality "1"]

1. Nf3 d5 2. g3 Nf6 3. Bg2 Bf5 4. 0-0 e6 5. d3 Nbd7 6. Nh4 Bg6 7. Nd2 Be7 8. Nxg6 hxg6 9. e4 c6 10. c4 0-0 11. Qe2 Nb6 12. e5 Nfd7 13. b3 Nxe5 14. d4 Ned7 15. c5 Nc8 16. Bb2 b6 17. b4 Bf6 18. Nb3 Ne7 19. g4 Qc7 20. f4 g5 21. h4 gxf4 22. g5 Bxd4+ 23. Nxd4 e5 24. Bh3 bxc5 25. Ne6 Qd6 26. Nxf8 Rxf8 27. Bxd7 Qxd7 28. Bxe5 Ng6 29. Bxf4 Re8 30. Qg2 Re4 31. Bg3 Nxh4 32. Bxh4 Rxh4 33. Rf3 Rg4 34. Rg3 Rxb4 35. Re1 d4 36. Qh3 Qxh3 37. Rxh3 Rb8 38. Rc1 Rb5 39. a4 Ra5 40. Re1 f6 41. g6 1-0

[Event "Seville op 32nd"]
[Site "Seville"]
[Date "2007.01.08"]
[Round "2"]
[White "Tissir, Mohamed"]
[Black "Ramirez Guerrero, Enrique"]
[Result "1-0"]
[WhiteElo "2482"]
[BlackElo "2052"]
[PlyCount "99"]
[EventDate "2007.01.07"]
[EventType "swiss"]
[EventRounds "9"]
[EventCountry "ESP"]
[SourceTitle "CBM 116 Extra"]
[Source "ChessBase"]
[SourceDate "2007.03.07"]
[SourceVersion "1"]
[SourceVersionDate "2007.03.07"]
[SourceQuality "1"]

1. e4 Nf6 2. e5 Nd5 3. d4 d6 4. Nf3 g6 5. Bc4 c6 6. h3 Bg7 7. Qe2 0-0 8. a4 a5 9. 0-0 Bf5 10. Nc3 Nxc3 11. bxc3 d5 12. Bb3 Na6 13. Rd1 h6 14. Ba3 Qd7 15. c4 dxc4 16. Bxc4 Be6 17. Bxe6 Qxe6 18. Rab1 Rab8 19. c4 Rfd8 20. Rb6 Qd7 21. Qd2 Nb4 22. Bxb4 axb4 23. Qxb4 c5 24. Qxc5 Qxa4 25. Rdb1 Rd7 26. Qb5 Qxb5 27. R1xb5 Rc8 28. Rxb7 Rxb7 29. Rxb7 Rxc4 30. Rxe7 Kf8 31. Rb7 Rc1+ 32. Kh2 Rc2 33. Kg3 Rc3 34. Kf4 Rc2 35. Ke3 Ra2 36. d5 Ra3+ 37. Ke4 Ra4+ 38. Kd3 Ke8 39. e6 Ra3+ 40. Kc4 Rc3+ 41. Kb4 Rc2 42. Rxf7 Bf8+ 43. Kb3 Rxf2 44. Ne5 Rxg2 45. Nd7 Be7 46. d6 Bxd6 47. Nf6+ Kd8 48. Rd7+ Kc8 49. Rxd6 Re2 50. Nd5 1-0

[Event "Seville op 28th"]
[Site "Seville"]
[Date "2003.01.18"]
[Round "9"]
[White "Ruan, Lufei"]
[Black "Ramirez Guerrero, Enrique"]
[Result "1-0"]
[WhiteElo "2246"]
[BlackElo "2078"]
[PlyCount "91"]
[EventDate "2003.01.10"]
[EventType "swiss"]
[EventRounds "9"]
[EventCountry "ESP"]
[SourceTitle "CBM 092 Extra"]
[Source "ChessBase"]
[SourceDate "2003.03.07"]
[SourceVersion "1"]
[SourceVersionDate "2003.03.07"]
[SourceQuality "1"]

1. e4 e6 2. d4 d5 3. Nc3 dxe4 4. Nxe4 Bd7 5. Nf3 Bc6 6. Bd3 Nd7 7. 0-0 Ngf6 8. Nxf6+ Qxf6 9. Be2 Be4 10. Ng5 Bg6 11. Bf3 0-0-0 12. c3 Nc5 13. b4 Nd3 14. Ne4 Bxe4 15. Bxe4 Nxc1 16. Rxc1 Bd6 17. g3 h5 18. Qa4 h4 19. Qxa7 hxg3 20. Qxb7+ Kd7 21. fxg3 Qh6 22. Qb5+ Ke7 23. Qe2 Qg5 24. Rce1 Rh6 25. Qf2 Rf8 26. a4 Rh3 27. Re2 Kd8 28. Qe3 Qh5 29. Bf3 Qg6 30. Qe4 Qg5 31. Bg2 Rxh2 32. Qa8+ Ke7 33. Rxe6+ Kxe6 34. Re1+ Kf6 35. Qf3+ Kg6 36. Kxh2 Rh8+ 37. Bh3 Rh5 38. Kg2 Kh7 39. Bg4 Rh6 40. Qf5+ Qxf5 41. Bxf5+ g6 42. Bd7 Rh5 43. a5 Rg5 44. Re3 f5 45. a6 f4 46. Rf3 1-0

[Event "Dos Hermanas op 3rd"]
[Site "Dos Hermanas"]
[Date "2002.04.10"]
[Round "6"]
[White "Paramos Dominguez, Roberto"]
[Black "Ramirez Guerrero, Enrique"]
[Result "1-0"]
[WhiteElo "2381"]
[BlackElo "2054"]
[PlyCount "97"]
[EventDate "2002.04.05"]
[EventType "swiss"]
[EventRounds "9"]
[EventCountry "ESP"]
[SourceTitle "CBM 087 Extra"]
[Source "ChessBase"]
[SourceDate "2002.05.03"]
[SourceVersion "2"]
[SourceVersionDate "2002.08.09"]
[SourceQuality "1"]

1. e4 e6 2. d4 d5 3. Nc3 dxe4 4. Nxe4 Bd7 5. Nf3 Bc6 6. Bd3 Nd7 7. 0-0 Ngf6 8. Ng3 Be7 9. b3 0-0 10. Bb2 Bxf3 11. Qxf3 c6 12. c4 Re8 13. Rad1 Qa5 14. Bb1 Rad8 15. h4 Nf8 16. Rfe1 h6 17. Bc3 Bb4 18. Re5 Qb6 19. Bb2 Be7 20. Re3 Rd7 21. a3 Red8 22. Rde1 N6h7 23. d5 Bf6 24. Bxh7+ Nxh7 25. Bxf6 Nxf6 26. dxe6 fxe6 27. Rxe6 Rd3 28. Qf5 Qd4 29. Nh5 Rd1 30. Nxf6+ gxf6 31. Qg6+ Kh8 32. Qxh6+ Kg8 33. Qg6+ Kh8 34. Qh5+ Kg8 35. Re8+ Rxe8 36. Rxd1 Qe4 37. g3 Kg7 38. Rd7+ Re7 39. Rd8 Qb1+ 40. Kh2 Qxb3 41. Qh8+ Kg6 42. Rg8+ Kf5 43. Qh5+ Ke6 44. Qg4+ Kd6 45. Qd4+ Ke6 46. Rg6 Qf3 47. Rg4 Qxa3 48. c5 Kf7 49. Qc4+ 1-0